| 000 | 00480nam a2200157 i 4500 | ||
|---|---|---|---|
| 001 | 67702 | ||
| 003 | ES-MaACL | ||
| 005 | 20230906170132.0 | ||
| 007 | t| | ||
| 008 | 040203s1958 sp ||||1| spa d | ||
| 100 | 1 |
_aGalmés, Juan. _953657 |
|
| 245 | 1 | 0 |
_aQuímica teórico-práctica _b: quinto curso de bachillerato / _cpor Juan Galmés. |
| 260 |
_aMadrid : _bRazón y Fé, _c1958 ( _fSelecciones Gráficas) |
||
| 300 |
_a219 p. ; _c21 cm. |
||
| 852 |
_aES-MaACL _jC-14618 _bR.42552 |
||
| 999 |
_c67702 _d67702 |
||